000 00812cam a22001814a 4500
005 20250605164357.0
008 250528s ||||||||||||||||||||||||d
035 _a24405
040 _aGR-AtMCL
_bgre
_dGR-AtMCL
_eAACR2
245 1 _aPharmaceutical Packaging / Child Resistant, Easy Opening, Sustainable: The Standards that Govern Safe Packaging
260 _bRussel Publishing Ltd,
_c2019
300 _a72
520 _aThe Challenges of Shipping Temperature - Controlled Products from Origin to Destination, Online Drying Process Control of Pharmaceutical Intermediates Usind Near-Infrared Spectroscopy, The Potential Use of Blockchain Technologies to Meet Data-Sharing Requirements of the DSCSA.
700 1 _aWithers Nikki
_99460
942 _cCR
999 _c9289
_d9289